| Tag |
First Indicator |
Second Indicator |
Subfields |
| LEADER |
00000cam a2200000 4500 |
| 001 |
in00000246767 |
| 005 |
20151010051144.0 |
| 008 |
700323r19691853nyu 00000 eng |
| 010 |
|
|
|a 75092762
|
| 020 |
|
|
|a 0837121841
|
| 035 |
|
|
|a (OCoLC)00062696
|
| 035 |
|
|
|9 ABB4493AM
|
| 040 |
|
|
|a DLC
|c DLC
|d TXA
|d UtOrBLW
|
| 049 |
|
|
|a TXAM
|c [529511]
|
| 050 |
0 |
0 |
|a E448
|b .S82 1969
|
| 082 |
0 |
|
|a 325.2/73/0967
|
| 100 |
1 |
|
|a Stebbins, Giles Badger,
|d 1817-1900.
|
| 245 |
1 |
0 |
|a Facts and opinions touching the real origin, character, and influence of the American Colonization Society ;
|b views of Wilberforce, Clarkson, and others, and opinions of the free people of color of the United States /
|c Pref. by William Jay.
|
| 264 |
|
1 |
|a New York :
|b Negro Universities Press,
|c [1969]
|
| 300 |
|
|
|a viii, 5-224 pages ;
|c 23 cm.
|
| 336 |
|
|
|a text
|b txt
|2 rdacontent
|
| 337 |
|
|
|a unmediated
|b n
|2 rdamedia
|
| 338 |
|
|
|a volume
|b nc
|2 rdacarrier
|
| 500 |
|
|
|a Reprint of the 1853 edition.
|
| 610 |
2 |
0 |
|a American Colonization Society.
|
| 650 |
|
0 |
|a Slavery
|z United States
|x Controversial literature
|y 1853.
|
| 999 |
|
|
|a MARS
|
| 999 |
f |
f |
|s 57ce65b5-0007-3f66-9460-665ce5a56e4a
|i ab58d27a-a7ec-37d7-92b5-a2ce1155cd5b
|t 0
|
| 952 |
f |
f |
|p normal
|a Texas A&M University
|b College Station
|c Sterling C. Evans Library
|d Evans: Library Stacks
|t 0
|e E448 .S82 1969
|h Library of Congress classification
|i unmediated -- volume
|m A14802221829
|
| 998 |
f |
f |
|a E448 .S82 1969
|t 0
|l Evans: Library Stacks
|